| 000 | 00598nam a22001577a 4500 | ||
|---|---|---|---|
| 008 | 230531b |||||||| |||| 00| 0 eng d | ||
| 040 |
_aNational Science Library _cNational Science Library |
||
| 080 |
_aR 016:061.3(058) _bL0 |
||
| 245 |
_aYearbook of international congress proceedings : _bBibliography of reports arising out of meetings held by international organizations during the years 1962-1969 |
||
| 260 |
_aBelgium: _bUnion of International Associations, _c1970 |
||
| 300 | _a663p. | ||
| 650 | _aBibliography | ||
| 653 | _aYearbook | ||
| 700 | _aTew, Eyvind S (Ed.) | ||
| 942 |
_2udc _cREF |
||
| 999 |
_c37174 _d37174 |
||